<?xml version="1.0" encoding="UTF-8"?><?xml-stylesheet type="text/xsl" href="static/style.xsl"?><OAI-PMH xmlns="http://www.openarchives.org/OAI/2.0/" xmlns:xsi="http://www.w3.org/2001/XMLSchema-instance" xsi:schemaLocation="http://www.openarchives.org/OAI/2.0/ http://www.openarchives.org/OAI/2.0/OAI-PMH.xsd"><responseDate>2026-04-18T07:56:37Z</responseDate><request verb="GetRecord" identifier="oai:www.recercat.cat:10230/69677" metadataPrefix="marc">https://recercat.cat/oai/request</request><GetRecord><record><header><identifier>oai:recercat.cat:10230/69677</identifier><datestamp>2025-12-13T20:52:35Z</datestamp><setSpec>com_2072_6</setSpec><setSpec>col_2072_452954</setSpec></header><metadata><record xmlns="http://www.loc.gov/MARC21/slim" xmlns:dcterms="http://purl.org/dc/terms/" xmlns:xsi="http://www.w3.org/2001/XMLSchema-instance" xmlns:doc="http://www.lyncode.com/xoai" xsi:schemaLocation="http://www.loc.gov/MARC21/slim http://www.loc.gov/standards/marcxml/schema/MARC21slim.xsd">
   <leader>00925njm 22002777a 4500</leader>
   <datafield ind2=" " ind1=" " tag="042">
      <subfield code="a">dc</subfield>
   </datafield>
   <datafield ind2=" " ind1=" " tag="720">
      <subfield code="a">Weber, Katharina</subfield>
      <subfield code="e">author</subfield>
   </datafield>
   <datafield ind2=" " ind1=" " tag="260">
      <subfield code="c">2025-02-21T11:06:19Z</subfield>
   </datafield>
   <datafield ind2=" " ind1=" " tag="260">
      <subfield code="c">2025-02-21T11:06:19Z</subfield>
   </datafield>
   <datafield ind2=" " ind1=" " tag="260">
      <subfield code="c">2022</subfield>
   </datafield>
   <datafield ind2=" " ind1=" " tag="520">
      <subfield code="a">Treball fi de màster de: Erasmus Mundus Master’s in Public Policy. Curs 2021-2022</subfield>
   </datafield>
   <datafield ind2=" " ind1=" " tag="520">
      <subfield code="a">This dissertation explores the nexus between environmental provisions in Preferential Trade Agreements (PTAs) and greenhouse gas emissions. It aims to shed some light on the inconclusive debate of issue linkage in PTAs as a policy instrument in climate change. Using a mixed-method approach, the study examines (1) whether environmental provisions in PTAs lead to a reduction in greenhouse gas emissions of trading partners, and (2) how the design and legal nature of climate provisions influence their effectiveness. The empirical analysis is conducted using data for 184 countries over a time frame from 1990-2019. A case study on the US-Peru Trade Promotion Agreement explores the mechanisms through which PTAs take effect. The study finds that countries which include numerous environmental provisions in PTAs will tend to reduce per capita GHG emissions compared to those without environmental provisions. Provisions explicitly targeted at climate change appear especially effective. The study adds new findings to the yet small body of literature by identifying long-term effects on trading partners&amp;apos; emissions. It finds PTAs to be an effective tool in climate governance due to their enforceability. They can take effect through changes in domestic law and through fostering civil society activity.</subfield>
   </datafield>
   <datafield tag="653" ind2=" " ind1=" ">
      <subfield code="a">Treball de fi de màster – Curs 2021-2022</subfield>
   </datafield>
   <datafield tag="653" ind2=" " ind1=" ">
      <subfield code="a">Preferential trade agreements</subfield>
   </datafield>
   <datafield tag="653" ind2=" " ind1=" ">
      <subfield code="a">Climate governance</subfield>
   </datafield>
   <datafield tag="653" ind2=" " ind1=" ">
      <subfield code="a">Issue linkage</subfield>
   </datafield>
   <datafield tag="653" ind2=" " ind1=" ">
      <subfield code="a">Environmental trade provisions</subfield>
   </datafield>
   <datafield tag="653" ind2=" " ind1=" ">
      <subfield code="a">US-Peru TPA</subfield>
   </datafield>
   <datafield ind2="0" ind1="0" tag="245">
      <subfield code="a">Preferential trade agreements: an effective policy tool in climate change governance?</subfield>
   </datafield>
</record></metadata></record></GetRecord></OAI-PMH>